[Event "CFriend AP-2004-Q-00023 email"]
[Site "Chessfriend.com"]
[Date "2004.12.22"]
[Round "1"]
[White "Ben Jazia, Bessem"]
[Black "Mincheva, Milena"]
[Result "0-1"]
[WhiteElo "1930"]
[BlackElo "2270"]
[PlyCount "96"]
[EventDate "2004.??.??"]
[EventType "tourn (corr)"]
[EventRounds "12"]
[SourceTitle "Corr 2024"]
[Source "ChessBase"]
[SourceDate "2023.10.19"]
[SourceVersion "1"]
[SourceVersionDate "2023.10.19"]
[SourceQuality "1"]

1. e4 c5 2. Nf3 Nc6 3. d4 cxd4 4. Nxd4 e5 5. Nb5 d6 6. Bc4 Be6 7. Bxe6 fxe6 8. 0-0 a6 9. N5c3 Nf6 10. Bg5 Be7 11. Bxf6 Bxf6 12. Nd2 Qe7 13. Qh5+ Qf7 14. Qh3 Nd4 15. Rad1 0-0 16. Nb3 Rac8 17. f4 Nxc2 18. Rxd6 exf4 19. Rxe6 Bxc3 20. bxc3 Ne3 21. Rc1 Qd7 22. Rh6 Qxh3 23. Rxh3 Rfe8 24. Rh5 Rxe4 25. Nc5 Rc4 26. Nxb7 R4c7 27. Nd6 Rxc3 28. Rxc3 Rxc3 29. Kf2 Ra3 30. Nb7 Ng4+ 31. Ke2 g6 32. Ra5 Re3+ 33. Kd1 Re7 34. Nd6 Ne3+ 35. Kd2 Rd7 36. Rxa6 Rxd6+ 37. Rxd6 Nc4+ 38. Ke2 Nxd6 39. Kf3 g5 40. a4 Kf7 41. a5 Kf6 42. a6 Nb5 43. Kg4 Na7 44. h3 Kg6 45. h4 h6 46. g3 fxg3 47. Kxg3 Kf5 48. hxg5 hxg5 0-1

[Event "CFriend AP-2004-Q-00023 email"]
[Site "Chessfriend.com"]
[Date "2004.12.22"]
[Round "1"]
[White "Ben Jazia, Bessem"]
[Black "Rosenova, Daniela"]
[Result "1/2-1/2"]
[WhiteElo "1930"]
[BlackElo "2086"]
[PlyCount "52"]
[EventDate "2004.??.??"]
[EventType "tourn (corr)"]
[EventRounds "12"]
[SourceTitle "Corr 2024"]
[Source "ChessBase"]
[SourceDate "2023.10.19"]
[SourceVersion "1"]
[SourceVersionDate "2023.10.19"]
[SourceQuality "1"]

1. e4 e5 2. Nf3 d6 3. Bc4 c6 4. d4 Nd7 5. 0-0 Be7 6. dxe5 dxe5 7. Ng5 Bxg5 8. Qh5 g6 9. Qxg5 Qxg5 10. Bxg5 Ngf6 11. Nc3 b5 12. Bd3 h6 13. Be3 Ng4 14. Bd2 g5 15. f3 Ngf6 16. Be3 Nh5 17. Rfd1 Nf4 18. Bf1 Bb7 19. a4 b4 20. Na2 a5 21. c3 bxc3 22. Nxc3 Ke7 23. Bc4 Ba6 24. Bxf7 Nd3 25. Ba2 Nxb2 26. Rdc1 Nd3 1/2-1/2

[Event "CFriend AT-2004-0-00192 email"]
[Site "Chessfriend.com"]
[Date "2004.11.11"]
[Round "1"]
[White "Ben Jazia, Bessem"]
[Black "Miszta, Feliks"]
[Result "1/2-1/2"]
[WhiteElo "1930"]
[BlackElo "1615"]
[PlyCount "68"]
[EventDate "2004.??.??"]
[EventType "tourn (corr)"]
[EventRounds "2"]
[SourceTitle "Corr 2024"]
[Source "ChessBase"]
[SourceDate "2023.10.19"]
[SourceVersion "1"]
[SourceVersionDate "2023.10.19"]
[SourceQuality "1"]

1. e4 c6 2. d4 d5 3. e5 Bf5 4. Nf3 e6 5. Be2 c5 6. 0-0 Nc6 7. c3 Bg4 8. Nbd2 cxd4 9. cxd4 Nge7 10. h3 Bxf3 11. Nxf3 Nf5 12. Be3 Be7 13. Bd3 Nxe3 14. fxe3 Rc8 15. Rc1 0-0 16. Qb3 Qd7 17. a3 f5 18. exf6 gxf6 19. Qa4 a6 20. Rc3 Bd6 21. e4 dxe4 22. Bxe4 Rc7 23. d5 exd5 24. Bxd5+ Kh8 25. Qh4 Ne5 26. Rxc7 Qxc7 27. b4 Qc3 28. Nxe5 Qe3+ 29. Qf2 Qxe5 30. Rd1 b5 31. Bf3 f5 32. Qb6 Rf6 33. Qd8+ Kg7 34. Qd7+ Kh6 1/2-1/2

[Event "CFriend AT-2004-0-00192 email"]
[Site "Chessfriend.com"]
[Date "2004.11.11"]
[Round "1"]
[White "Miszta, Feliks"]
[Black "Ben Jazia, Bessem"]
[Result "0-1"]
[WhiteElo "1615"]
[BlackElo "1930"]
[PlyCount "68"]
[EventDate "2004.??.??"]
[EventType "tourn (corr)"]
[EventRounds "2"]
[SourceTitle "Corr 2024"]
[Source "ChessBase"]
[SourceDate "2023.10.19"]
[SourceVersion "1"]
[SourceVersionDate "2023.10.19"]
[SourceQuality "1"]

1. d4 d5 2. c4 dxc4 3. e4 b5 4. a4 c6 5. Nc3 b4 6. Nb1 Ba6 7. Be3 Nf6 8. e5 Nd5 9. Nf3 Qd7 10. Nfd2 Nxe3 11. fxe3 Qd5 12. Qg4 h5 13. Qf3 g5 14. h3 Rh6 15. Ne4 g4 16. Qf4 gxh3 17. Rxh3 Nd7 18. Nbd2 f6 19. exf6 Nxf6 20. Be2 Nxe4 21. Nxe4 Bc8 22. Rh1 c3 23. bxc3 b3 24. Rb1 h4 25. Bf3 Qf5 26. Rxb3 Qf7 27. Nc5 Qxf4 28. exf4 Kd8 29. g4 Kc7 30. f5 e5 31. Ne4 exd4 32. cxd4 Bd7 33. Kf2 Rd8 34. Ke3 a5 0-1

[Event "CFriend RH-2004-0-00018 email"]
[Site "Chessfriend.com"]
[Date "2004.09.29"]
[Round "1"]
[White "Ben Jazia, Bessem"]
[Black "Majer, Damir"]
[Result "1/2-1/2"]
[WhiteElo "1930"]
[BlackElo "2059"]
[PlyCount "33"]
[EventDate "2004.??.??"]
[EventType "tourn (corr)"]
[EventRounds "6"]
[SourceTitle "Corr 2008"]
[Source "ChessBase"]
[SourceDate "2008.06.24"]
[SourceVersion "1"]
[SourceVersionDate "2008.06.24"]
[SourceQuality "1"]

1. e4 c5 2. Nf3 e6 3. Nc3 a6 4. d4 cxd4 5. Nxd4 Qc7 6. Be2 Nf6 7. 0-0 Be7 8. f4 d6 9. a4 0-0 10. Be3 b6 11. Bd3 Bb7 12. f5 e5 13. Nb3 Nbd7 14. Qf3 Rad8 15. Rad1 Rfe8 16. Qe2 Qc8 17. Nd5 1/2-1/2

[Event "IECG CM.2004.0.00254 email"]
[Site "IECG email"]
[Date "2004.08.24"]
[Round "?"]
[White "Haug, Ulrich"]
[Black "Ben Jazia, Bessem"]
[Result "1-0"]
[WhiteElo "2214"]
[BlackElo "2200"]
[PlyCount "75"]
[EventDate "2004.08.24"]
[EventType "tourn (corr)"]
[EventRounds "6"]
[SourceTitle "Corr 2008"]
[Source "ChessBase"]
[SourceDate "2008.06.24"]
[SourceVersion "1"]
[SourceVersionDate "2008.06.24"]
[SourceQuality "1"]

1. e4 e5 2. Nf3 Nc6 3. Bb5 a6 4. Ba4 Nf6 5. 0-0 Be7 6. Re1 b5 7. Bb3 d6 8. c3 0-0 9. h3 Na5 10. Bc2 c5 11. d4 Qc7 12. Nbd2 cxd4 13. cxd4 Bb7 14. d5 Rac8 15. Bd3 Nd7 16. Nf1 f5 17. Ng3 fxe4 18. Bxe4 Nc4 19. Bf5 Kh8 20. Be6 Rce8 21. b3 Ncb6 22. Be3 Nf6 23. Rc1 Qd8 24. Ng5 Nbxd5 25. Bd2 Nf4 26. Bxf4 exf4 27. Nf5 g6 28. Nf7+ Rxf7 29. Bxf7 gxf5 30. Bxe8 Nxe8 31. Qe2 Be4 32. f3 d5 33. Qf2 Bh4 34. Qd4+ Ng7 35. Red1 Bf6 36. Qa7 Bxf3 37. gxf3 Qg8 38. Qd7 1-0

[Event "IECG QM.2004.0.00076 email"]
[Site "IECG email"]
[Date "2004.08.15"]
[Round "?"]
[White "Ben Jazia, Bessem"]
[Black "Cottegnie, Francis"]
[Result "1/2-1/2"]
[WhiteElo "2200"]
[BlackElo "2302"]
[PlyCount "47"]
[EventDate "2004.08.15"]
[EventType "tourn (corr)"]
[EventRounds "6"]
[SourceTitle "Corr 2008"]
[Source "ChessBase"]
[SourceDate "2008.06.24"]
[SourceVersion "1"]
[SourceVersionDate "2008.06.24"]
[SourceQuality "1"]

1. e4 e5 2. Nf3 Nf6 3. Nxe5 d6 4. Nf3 Nxe4 5. d4 d5 6. Bd3 Bd6 7. 0-0 0-0 8. c4 c6 9. Re1 Bf5 10. Qc2 Bg6 11. c5 Bc7 12. Nc3 f5 13. Qb3 Rf7 14. Ng5 Nxg5 15. Bxg5 Qc8 16. Re2 Nd7 17. Rae1 Nf8 18. Qc2 f4 19. Bxg6 Nxg6 20. f3 Rf8 21. Re6 Qd7 22. Qe2 Rfc8 23. Be7 Re8 24. Bd6 1/2-1/2

[Event "IECG QM.2004.0.00076 email"]
[Site "IECG email"]
[Date "2004.08.15"]
[Round "?"]
[White "Ben Jazia, Bessem"]
[Black "Ibar, Marcelo Rodolfo"]
[Result "1/2-1/2"]
[WhiteElo "2200"]
[BlackElo "2250"]
[PlyCount "38"]
[EventDate "2004.08.15"]
[EventType "tourn (corr)"]
[EventRounds "6"]
[SourceTitle "Corr 2008"]
[Source "ChessBase"]
[SourceDate "2008.06.24"]
[SourceVersion "1"]
[SourceVersionDate "2008.06.24"]
[SourceQuality "1"]

1. e4 Nf6 2. e5 Nd5 3. c4 Nb6 4. c5 Nd5 5. Nc3 c6 6. Nxd5 cxd5 7. d4 d6 8. cxd6 exd6 9. Nf3 Nc6 10. Bd3 dxe5 11. Nxe5 Bb4+ 12. Bd2 Qb6 13. Nxc6 bxc6 14. 0-0 0-0 15. Bxb4 Qxb4 16. Qc2 Qxd4 17. Bxh7+ Kh8 18. Rfd1 Qf4 19. Bd3 Bd7 1/2-1/2

[Event "IECG QM.2004.0.00076 email"]
[Site "IECG email"]
[Date "2004.08.15"]
[Round "?"]
[White "Cottegnie, Francis"]
[Black "Ben Jazia, Bessem"]
[Result "1-0"]
[WhiteElo "2302"]
[BlackElo "2200"]
[PlyCount "55"]
[EventDate "2004.08.15"]
[EventType "tourn (corr)"]
[EventRounds "6"]
[SourceTitle "Corr 2008"]
[Source "ChessBase"]
[SourceDate "2008.06.24"]
[SourceVersion "1"]
[SourceVersionDate "2008.06.24"]
[SourceQuality "1"]

1. Nc3 d5 2. d4 e6 3. Nf3 Nf6 4. Bg5 Be7 5. e3 Nbd7 6. Bd3 c5 7. 0-0 0-0 8. Ne5 Nxe5 9. dxe5 Nd7 10. Bxe7 Qxe7 11. f4 f5 12. Qh5 c4 13. Be2 Nc5 14. Rf3 Qe8 15. Qh4 Qd8 16. Qh5 Qe8 17. Qxe8 Rxe8 18. b3 cxb3 19. cxb3 Bd7 20. Rff1 a5 21. Bb5 Red8 22. Bxd7 Rxd7 23. Nb5 Ne4 24. Rac1 Kf7 25. g4 fxg4 26. f5 exf5 27. Nc7 Rxc7 28. Rxc7+ 1-0